Pioneer manak hindi byakaran tatha rachana (Record no. 8368)

MARC details
000 -LEADER
fixed length control field 00413cam a2200157ua 4500
008 - FIXED-LENGTH DATA ELEMENTS--GENERAL INFORMATION
fixed length control field 150227n ii |||gr||||Z||||||eng
040 ## - CATALOGING SOURCE
Transcribing agency MAIN
041 ## - LANGUAGE CODE
-- eng
082 ## - DEWEY DECIMAL CLASSIFICATION NUMBER
Classification number 891.433
100 ## - MAIN ENTRY--PERSONAL NAME
Personal name Upadhayay, Ashok Kumar,
Relator term
245 1# - TITLE STATEMENT
Title Pioneer manak hindi byakaran tatha rachana
Statement of responsibility, etc. by Ashok Kumar Upadhayay
260 ## - PUBLICATION, DISTRIBUTION, ETC.
Place of publication, distribution, etc. Delhi:
Name of publisher, distributor, etc. Dhanpat Rai,
Date of publication, distribution, etc. 2007.
942 ## - ADDED ENTRY ELEMENTS (KOHA)
Koha item type Books
653 ## - INDEX TERM--UNCONTROLLED
Uncontrolled term Hindi grammar
Holdings
Withdrawn status Lost status Damaged status Not for loan Home library Current library Shelving location Date acquired Total Checkouts Full call number Barcode Date last seen Date last checked out Copy number Price effective from Koha item type
        Central Library, Naharkatiya College Central Library, Naharkatiya College General Stacks 19/09/2020 3 891.433 | UPA 18820 09/11/2021 28/10/2021 1 19/09/2020 Books

Naharkatiya College © 2020. All rights reserved.

Powered By